How housing management can contribute to community cohesion (Record no. 103826)

MARC details
000 -LEADER
fixed length control field 01461cam a2200337 4500
008 - FIXED-LENGTH DATA ELEMENTS--GENERAL INFORMATION
fixed length control field 041028n2004 000 0 eng u
020 ## - INTERNATIONAL STANDARD BOOK NUMBER
International Standard Book Number 190320867X
035 ## - SYSTEM CONTROL NUMBER
System control number (Sirsi) u127850
041 ## - LANGUAGE CODE
Language code of text/sound track or separate title eng
050 ## - LIBRARY OF CONGRESS CALL NUMBER
Classification number 306.76
-- 18
100 ## - MAIN ENTRY--PERSONAL NAME
Personal name Robinson, David
245 ## - TITLE STATEMENT
Title How housing management can contribute to community cohesion
Remainder of title a research report
260 ## - PUBLICATION, DISTRIBUTION, ETC.
Place of publication, distribution, etc. Coventry
Name of publisher, distributor, etc. CIH
Date of publication, distribution, etc. 2004
300 ## - PHYSICAL DESCRIPTION
Extent 63p.
Dimensions 30cm.
350 ## - PRICE (NR) (BK AM CF MU VM SE) [OBSOLETE]
Price 15
520 ## - SUMMARY, ETC.
Summary, etc. Following the racial disturbances in Bradford, Burnley and Oldham in 2001, this report examines how housing agencies have responded to the challenge of creating community cohesion. Discusses: the 14 pathfinder projects; different understandings of community cohesion; the involvement of social landlords with the community cohesion agenda and the contribution of housing management; and a detailed review of four initiatives to promote community cohesion undertaken by different social landlords. Concludes with 15 recommendations. Bibliography.
650 ## - SUBJECT ADDED ENTRY--TOPICAL TERM
Topical term or geographic name entry element COMMUNITY HOUSING
650 ## - SUBJECT ADDED ENTRY--TOPICAL TERM
Topical term or geographic name entry element HOUSING MANAGEMENT
650 ## - SUBJECT ADDED ENTRY--TOPICAL TERM
Topical term or geographic name entry element RACE RELATIONS
650 ## - SUBJECT ADDED ENTRY--TOPICAL TERM
Topical term or geographic name entry element HOUSING ASSOCIATIONS
650 ## - SUBJECT ADDED ENTRY--TOPICAL TERM
Topical term or geographic name entry element SOCIAL LANDLORDS
650 ## - SUBJECT ADDED ENTRY--TOPICAL TERM
Topical term or geographic name entry element PATHFINDER PROJECTS
690 ## - LOCAL SUBJECT ADDED ENTRY--TOPICAL TERM (OCLC, RLIN)
Topical term or geographic name as entry element Affordable housing
9 (RLIN) 6215
700 ## - ADDED ENTRY--PERSONAL NAME
Personal name Coward, Sarah
700 ## - ADDED ENTRY--PERSONAL NAME
Personal name Fordham, Tim
700 ## - ADDED ENTRY--PERSONAL NAME
Personal name Green, Stephen
700 ## - ADDED ENTRY--PERSONAL NAME
Personal name Reeve, Kesia
710 ## - ADDED ENTRY--CORPORATE NAME
Corporate name or jurisdiction name as entry element Chartered Institute of Housing
9 (RLIN) 2394
710 ## - ADDED ENTRY--CORPORATE NAME
Corporate name or jurisdiction name as entry element Housing Corporation
942 ## - ADDED ENTRY ELEMENTS (KOHA)
Suppress in OPAC 0
Holdings
Withdrawn status Lost status Source of classification or shelving scheme Damaged status Not for loan Home library Current library Shelving location Date acquired Cost, normal purchase price Total Checkouts Full call number Barcode Date last seen Date last checked out Copy number Cost, replacement price Price effective from Koha item type
    Other/Generic Classification Scheme     London London Folio 11/11/2004 15.00 2 F306.76 ROB 30069609 06/08/2019 22/12/2004 1 15.00 06/08/2019 Book